| 000 -LEADER |
| fixed length control field |
03226cam a2200445 i 4500 |
| 001 - CONTROL NUMBER |
| control field |
22406491 |
| 003 - CONTROL NUMBER IDENTIFIER |
| control field |
NUST |
| 005 - DATE AND TIME OF LATEST TRANSACTION |
| control field |
20240308100548.0 |
| 006 - FIXED-LENGTH DATA ELEMENTS--ADDITIONAL MATERIAL CHARACTERISTICS |
| fixed length control field |
m |o d | |
| 007 - PHYSICAL DESCRIPTION FIXED FIELD--GENERAL INFORMATION |
| fixed length control field |
cr_||||||||||| |
| 008 - FIXED-LENGTH DATA ELEMENTS--GENERAL INFORMATION |
| fixed length control field |
211205s2022 enk o 001 0 eng |
| 010 ## - LIBRARY OF CONGRESS CONTROL NUMBER |
| LC control number |
2021053250 |
| 020 ## - INTERNATIONAL STANDARD BOOK NUMBER |
| International Standard Book Number |
9781032019000 |
| 038 ## - RECORD CONTENT LICENSOR |
| Staff Name |
Malang Jan |
| 040 ## - CATALOGING SOURCE |
| Original cataloging agency |
DLC |
| Language of cataloging |
eng |
| Transcribing agency |
DLC |
| Description conventions |
rda |
| Modifying agency |
DLC |
| 042 ## - AUTHENTICATION CODE |
| Authentication code |
pcc |
| 050 00 - LIBRARY OF CONGRESS CALL NUMBER |
| Classification number |
TA643 |
| 082 00 - DEWEY DECIMAL CLASSIFICATION NUMBER |
| Classification number |
624.17 |
| Edition number |
23/eng/20220201 |
| Author Mark |
SAL |
| 100 1# - MAIN ENTRY--PERSONAL NAME |
| Personal name |
Saliklis, Edmond, |
| Relator term |
author. |
| 9 (RLIN) |
122030 |
| 245 10 - TITLE STATEMENT |
| Title |
Architectural structures : |
| Remainder of title |
visualizing load flow geometrically / |
| Statement of responsibility, etc. |
Edmond Saliklis. |
| 264 #1 - PRODUCTION, PUBLICATION, DISTRIBUTION, MANUFACTURE, AND COPYRIGHT NOTICE |
| Place of production, publication, distribution, manufacture |
Abingdon, Oxon ; |
| -- |
New York, NY : |
| Name of producer, publisher, distributor, manufacturer |
Routledge, |
| Date of production, publication, distribution, manufacture, or copyright notice |
2022. |
| 300 ## - PHYSICAL DESCRIPTION |
| Extent |
204p.: |
| Other physical details |
ill; |
| 336 ## - CONTENT TYPE |
| Content type term |
text |
| Content type code |
txt |
| Source |
rdacontent |
| 337 ## - MEDIA TYPE |
| Media type term |
computer |
| Media type code |
c |
| Source |
rdamedia |
| 338 ## - CARRIER TYPE |
| Carrier type term |
online resource |
| Carrier type code |
cr |
| Source |
rdacarrier |
| 500 ## - GENERAL NOTE |
| General note |
Includes index. |
| 505 0# - FORMATTED CONTENTS NOTE |
| Formatted contents note |
Determinate beams -- GeoGebra for beams -- Trusses -- GeoGebra for trusses -- Horizontal grids -- Arches -- GeoGebra for arches -- Indeterminate structures -- Special topics. |
| 520 ## - SUMMARY, ETC. |
| Summary, etc. |
"Architectural Structures presents an alternative approach to understanding structural engineering load flow using a visually engaging and three-dimensional format. This book presents a groundbreaking new way of establishing equilibrium in architectural structures using the Modern Müller-Breslau method. While firmly grounded in mechanics principles, this method does not use traditional algebraic statics, nor does it use classical graphic statics. Rather, it solely uses new geometric tools. Both statically determinate and statically indeterminate structures are analyzed using this graphic method to provide a geometric understanding of how load flows through architectural structures. This book includes approachable coverage of parametric modeling of two-dimensional and three-dimensional structures, as well as more advanced topics such as indeterminate structural analysis and plastic analysis. Hundreds of detailed drawings created by the author are included throughout to aid understanding. Architecture and structural engineering students can employ this novel method by hand sketching, or by programming in parametric design software. A detailed, yet approachable guide, Architectural Structures is ideal for students of architecture, construction management, and structural engineering, at all levels. Practitioners will find the method extremely useful for quickly solving load tracing problems in three-dimensional grids"-- |
| Assigning source |
Provided by publisher. |
| 588 ## - SOURCE OF DESCRIPTION NOTE |
| Source of description note |
Description based on print version record and CIP data provided by publisher. |
| 630 00 - SUBJECT ADDED ENTRY--UNIFORM TITLE |
| Uniform title |
GeoGebra. |
| 9 (RLIN) |
122031 |
| 650 #0 - SUBJECT ADDED ENTRY--TOPICAL TERM |
| Topical term or geographic name entry element |
Structural frames |
| General subdivision |
Mathematical models. |
| 9 (RLIN) |
122032 |
| 650 #0 - SUBJECT ADDED ENTRY--TOPICAL TERM |
| Topical term or geographic name entry element |
Structural analysis (Engineering) |
| General subdivision |
Mathematics. |
| 9 (RLIN) |
111855 |
| 650 #0 - SUBJECT ADDED ENTRY--TOPICAL TERM |
| Topical term or geographic name entry element |
Structural analysis (Engineering) |
| General subdivision |
Data processing. |
| 650 #0 - SUBJECT ADDED ENTRY--TOPICAL TERM |
| Topical term or geographic name entry element |
Loads (Mechanics) |
| 9 (RLIN) |
122033 |
| 650 #0 - SUBJECT ADDED ENTRY--TOPICAL TERM |
| Topical term or geographic name entry element |
Perturbation (Mathematics) |
| 9 (RLIN) |
114198 |
| 776 08 - ADDITIONAL PHYSICAL FORM ENTRY |
| Relationship information |
Print version: |
| Main entry heading |
Saliklis, Edmond. |
| Title |
Architectural structures |
| Place, publisher, and date of publication |
Abingdon, Oxon ; New York, NY : Routledge, 2022 |
| International Standard Book Number |
9781032018997 |
| Record control number |
(DLC) 2021053249 |
| 906 ## - LOCAL DATA ELEMENT F, LDF (RLIN) |
| a |
7 |
| b |
cbc |
| c |
orignew |
| d |
1 |
| e |
ecip |
| f |
20 |
| g |
y-gencatlg |
| 942 ## - ADDED ENTRY ELEMENTS (KOHA) |
| Source of classification or shelving scheme |
|
| Koha item type |
Book |